000 00433nam a2200169Ia 4500
999 _c46600
_d46600
003 0100
005 20180301113827.0
008 130303s9999 xx 000 0 und d
040 _cARRUPELIB
050 _aREF. DT856.A47 1960
245 _aHandbook to the Federation of Rhodesia and Nyasaland /
260 _aLondon
_bCassell and Company
_c1960
300 _a803p.
300 _b 25cm
650 _aRhodesia and Nyasaland
_922073
700 _aBrelsford, William Vernon (ed.)
_940020
942 _2lcc
_cMONOGRAPH